000 00642nam a2200229 a 4500
999 _c558
_d558
008 190918r20112013ii ||||g |||| 001 0 eng d
020 _a9788132106487
_cRs. 525.00
040 _aKO
_beng
041 0 _aeng
044 _aii
082 0 4 _223
_a001.42
_bR165
100 0 _aRanjit Kumar
245 1 0 _aResearch Methodology :
_ba step-by-step guide for beginners /
_cRanjit Kumar
250 _a3rd ed.
260 _aNew delhi :
_bSAGE Publications India Pvt. Ltd.,
_c2011, reprinted 2013
300 _axxi, 415 p. ;
_c24 cm.
500 _aIncludes index.
650 0 _aResearch
_xMethodology
904 _aRUDRA_R
942 _cBK